<?xml version="1.0" encoding="UTF-8"?>
<record
    xmlns:xsi="http://www.w3.org/2001/XMLSchema-instance"
    xsi:schemaLocation="http://www.loc.gov/MARC21/slim http://www.loc.gov/standards/marcxml/schema/MARC21slim.xsd"
    xmlns="http://www.loc.gov/MARC21/slim">

  <leader>00808nam a22001937a 4500</leader>
  <datafield tag="952" ind1=" " ind2=" ">
    <subfield code="0">0</subfield>
    <subfield code="1">0</subfield>
    <subfield code="2">lcc</subfield>
    <subfield code="4">0</subfield>
    <subfield code="7">0</subfield>
    <subfield code="a">12</subfield>
    <subfield code="b">12</subfield>
    <subfield code="d">2017-09-19</subfield>
    <subfield code="l">1</subfield>
    <subfield code="o">PC4143 P35</subfield>
    <subfield code="p">24 000143</subfield>
    <subfield code="r">2023-09-21</subfield>
    <subfield code="s">2018-10-23</subfield>
    <subfield code="t">1</subfield>
    <subfield code="w">2017-09-19</subfield>
    <subfield code="y">LB</subfield>
  </datafield>
  <datafield tag="999" ind1=" " ind2=" ">
    <subfield code="c">102487</subfield>
    <subfield code="d">102487</subfield>
  </datafield>
  <controlfield tag="005">20231102152040.0</controlfield>
  <controlfield tag="008">170919s2014    mx ||||| |||| 00| 0 spa d</controlfield>
  <datafield tag="020" ind1=" " ind2=" ">
    <subfield code="a">9786077070412</subfield>
  </datafield>
  <datafield tag="050" ind1=" " ind2=" ">
    <subfield code="a">PC4143</subfield>
    <subfield code="b">P35</subfield>
  </datafield>
  <datafield tag="100" ind1=" " ind2=" ">
    <subfield code="a">Palacio Rivera Jes&#xFA;s</subfield>
    <subfield code="e">Autor</subfield>
  </datafield>
  <datafield tag="245" ind1=" " ind2=" ">
    <subfield code="a">Ortograf&#xED;a</subfield>
    <subfield code="b">Manual pr&#xE1;ctico para escribir mejor: Adaptando a la nueva gram&#xE1;tica de la lengua espa&#xF1;ola</subfield>
    <subfield code="c">Jes&#xFA;s palacio rivera</subfield>
  </datafield>
  <datafield tag="260" ind1=" " ind2=" ">
    <subfield code="a">M&#xE9;xico</subfield>
    <subfield code="b">: Alfaomega</subfield>
    <subfield code="c">, 2014</subfield>
  </datafield>
  <datafield tag="300" ind1=" " ind2=" ">
    <subfield code="a">222 p&#xE1;ginas</subfield>
  </datafield>
  <datafield tag="500" ind1=" " ind2=" ">
    <subfield code="a">Incluye Indice</subfield>
  </datafield>
  <datafield tag="505" ind1=" " ind2=" ">
    <subfield code="a">La acentuaci&#xF3;n
La puntuaci&#xF3;n
Ortografias de las letras
Ortografia y gramatica
Ap&#xE9;ndice 
&#xCD;ndice de  tablas
&#xCD;ndice alfab&#xE9;tico</subfield>
  </datafield>
  <datafield tag="519" ind1=" " ind2=" ">
    <subfield code="a">Plan Flexible /</subfield>
    <subfield code="b">Inform&#xE1;tica /</subfield>
    <subfield code="c">Infirm&#xE1;tica  (LI102 - 1)</subfield>
    <subfield code="d">(24 000143)</subfield>
  </datafield>
  <datafield tag="650" ind1=" " ind2="0">
    <subfield code="a">Espa&#xF1;ol -- Ortograf&#xED;a y deletreo -- Manuales</subfield>
  </datafield>
  <datafield tag="942" ind1=" " ind2=" ">
    <subfield code="c">LB</subfield>
  </datafield>
</record>
